000 01475pam a2200361 a 4500
001 4981474
003 OSt
005 20210915082048.0
008 980812s1999 nyuab b 001 0 eng
010 _a 98039322
020 _a0471292583 (cloth : alk. paper)
040 _cHU
043 _an------
050 0 0 _aQL365.4.A1
_bI58 1999
082 0 0 _a592.1768/097
245 0 0 _aInvertebrates in freshwater wetlands of North America :
_becology and management /
_cedited by Darold P. Batzer, Russell B. Rader, and Scott A. Wissinger.
260 _aNew York :
_bWiley,
_cc1999.
300 _axviii, 1100 p. :
_bill., maps ;
_c25 cm.
504 _aIncludes bibliographical references and indexes.
650 0 _aFreshwater invertebrates
_xEcology
_zNorth America.
_93653
650 0 _aWetland ecology
_zNorth America.
_93654
650 0 _aWetlands
_zNorth America.
_93655
650 0 _aWildlife conservation
_zNorth America.
_93656
700 1 _aBatzer, Darold P.
_93657
700 1 _aRader, Russell Ben.
_93658
700 1 _aWissinger, Scott A.
_93659
856 4 2 _3Publisher description
_uhttp://www.loc.gov/catdir/description/wiley032/98039322.html
856 4 _3Table of Contents
_uhttp://www.loc.gov/catdir/toc/onix03/98039322.html
906 _a7
_bcbc
_corignew
_d1
_eocip
_f19
_gy-gencatlg
942 _2ddc
_cBOOKS
_n0
999 _c3913
_d3913